000 00297nam a22001337a 4500
008 180924b xxu||||| |||| 00| 0 eng d
020 _a9780721601854
041 _aeng
080 _a616-053.2
100 _a8
101 _aPED
245 _aPediatric Primary Care
_cBurns, C.E
942 _2udc
_cBK
999 _c48413
_d48413